Barrio: tiro federal /

Guardado en:
Autor Principal: 7º Egb
Formato: Libro
Publicado: Bahía Blanca : , 1999
Materias:
Fc
Etiquetas: Agregar Etiqueta
Sin Etiquetas, Sea el primero en etiquetar este registro!
LEADER 00469nam a22001815a 4500
001 CEM.cems011064
005 20060214000000.0
008 130507s1999##################000#0#####d
003 CEMS
082 0 4 |a F982.1 
100 1 |a 7º Egb 
245 1 0 |a Barrio: tiro federal / 
260 |a Bahía Blanca :  |b ,  |c 1999 
300 |a 12 p. 
653 |a Fc 
653 |a Bahia blanca-barrios 
653 |a Tiro federal [barrio] 
859 |a CEMS  |b BIB. CEMS - 11 de abril  |h F982.1  |i 9-1  |p 1871.44  |t Ej.1